The spotted sphinx. (Record no. 473)

MARC details
000 -LEADER
fixed length control field 00606cam a2200229 4500
005 - DATE AND TIME OF LATEST TRANSACTION
control field 20260322212021.0
008 - FIXED-LENGTH DATA ELEMENTS--GENERAL INFORMATION
fixed length control field data
010 ## - LIBRARY OF CONGRESS CONTROL NUMBER
LC control number 77085008
040 ## - CATALOGING SOURCE
Original cataloging agency DLC
Transcribing agency DLC
Modifying agency DLC
050 00 - LIBRARY OF CONGRESS CALL NUMBER
Classification number QL737.C23
Item number A2 1969
082 00 - DEWEY DECIMAL CLASSIFICATION NUMBER
Classification number 599.7/4428
092 ## - LOCALLY ASSIGNED DEWEY CALL NUMBER (OCLC)
Classification number 599.7 A2 1969
001 - CONTROL NUMBER
control field data
100 1# - MAIN ENTRY--PERSONAL NAME
Personal name Adamson, Joy.
245 14 - TITLE STATEMENT
Title The spotted sphinx.
Statement of responsibility, etc. Joy Adamson.
250 ## - EDITION STATEMENT
Edition statement [1st American ed.]
260 ## - PUBLICATION, DISTRIBUTION, ETC.
Place of publication, distribution, etc. New York,
Name of publisher, distributor, etc. Harcourt, Brace & World
Date of publication, distribution, etc. [1969]
300 ## - PHYSICAL DESCRIPTION
Extent 313 p.
Other physical details illus. (part col.) map (on lining-papers)
Dimensions 26 cm.
350 ## - PRICE (NR) (BK AM CF MU VM SE) [OBSOLETE]
Price 7.95
500 ## - GENERAL NOTE
General note "A Helen and Kurt Wolff book."
650 #0 - SUBJECT ADDED ENTRY--TOPICAL TERM
Topical term or geographic name entry element Cheetah.
Holdings
Withdrawn status Lost status Damaged status Not for loan Home library Current library Shelving location Date acquired Total checkouts Full call number Barcode Date last seen Price effective from Koha item type
        Fairview Fairview General stacks 22/03/2026   599.7/4428 BC0010484 22/03/2026 22/03/2026 Books